| 000 | 00512nam a22001697a 4500 | ||
|---|---|---|---|
| 003 | BD-DhUL | ||
| 005 | 20171121101844.0 | ||
| 008 | 171121s1336 ir ||||| |||| 00| 0 per d | ||
| 040 |
_aBD-DhUL _cBD-DhUL |
||
| 082 |
_a891.551 _bRAD |
||
| 100 | 0 | _aرشید یاسمی | |
| 245 | 0 |
_aدیوان رشید یاسمی / _cرشید یاسمی |
|
| 260 |
_aتھران : _bازانتشار اتکتابفروشی، _c۱۳۳۶۔ |
||
| 300 |
_aص۔ ۱۷۶ ؛ _c۲۴ سم۔ |
||
| 650 | 0 | _aPersian poetry | |
| 942 |
_2ddc _cBK |
||
| 999 |
_c232259 _d232259 |
||